000 00820nam a2200253Ia 4500
003 OSt
005 20220923223325.0
006 a|||||r|||| 00| 0
007 ta
008 220922b |||||||| |||| 00| 0 hin d
024 _a213,501
037 _cTextual
040 _aARTS
_cARTS
_bhin
041 _2hin
_ahin
082 _aO152,3N296x, M3
100 _aवर्मा, निर्मल
_9156318
245 0 _aकव्वे और काला पानी
246 _aKavve aur kālā pānī
260 _aनयी दिल्ली
_b राजकमल प्रका0
_c1983
300 _a181 पृ.
_ccm.
650 _aहिन्दी साहित्य
_9156264
942 _hO152,3N296x, M3
_cTEXL
_2CC
999 _c363721
_d363721